Štatistické metódy v praxi
Salvato in:
| Autori principali: | , , |
|---|---|
| Natura: | Libro |
| Lingua: | slovacco |
| Pubblicazione: |
Bratislava :
Statis,
1997
|
| Edizione: | 2.vyd. |
| Tags: |
Nessun Tag, puoi essere il primo ad aggiungerne!!
|
MARC
| LEADER | 00000nam a22000003a 4500 | ||
|---|---|---|---|
| 001 | stu49607 | ||
| 005 | 20150617225659.1 | ||
| 008 | 990510s1997------------------------slo-d | ||
| 020 | |a 80-85659-08-5 | ||
| 040 | |a STU |b slo | ||
| 041 | 0 | |a slo | |
| 080 | |a 311.1 | ||
| 080 | |a 519.2 | ||
| 100 | 1 | |a Chajdiak, Jozef |4 aut | |
| 245 | 1 | |a Štatistické metódy v praxi | |
| 250 | |a 2.vyd. | ||
| 260 | |a Bratislava : |b Statis, |c 1997 | ||
| 300 | |a 309 s | ||
| 700 | 1 | |a Rublíková, Eva |4 aut | |
| 700 | 1 | |a Gudába, Miroslav |4 aut | |
| 996 | |b 284V001064 |c V*46256/O-20319a |l VVT |s A |a 24 |w stu49607_0002 | ||